| 000 | 00912nam a22002175i 4500 | ||
|---|---|---|---|
| 001 | 169642 | ||
| 003 | ES-MaACL | ||
| 005 | 20250902085402.0 | ||
| 008 | 081028s2005 sp |||| | spa d | ||
| 080 | _a636.09:614.25 (460.154 Zumaia) | ||
| 100 | 1 |
_aEtxaniz Makazaga, José-Manuel. _9137731 |
|
| 245 | 1 | 0 |
_aDe veterinarios municipales en Zumaia _b: 1892-1985 / _cJosé Manuel Etxaniz Makazaga. |
| 260 |
_a[San Sebastián] : _bIlustre Colegio Oficial de Veterinarios de Gipuzkoa, _c[2005] |
||
| 300 |
_aP. [525]-549 : _bil. ; _c22 cm. |
||
| 595 | _aSeparata de: Boletín de la Real Sociedad Bascongada de los Amigos del País, LXI, 2005-2. | ||
| 650 | 4 |
_aVeterinarios- _zZumaia. _9138779 |
|
| 710 | 2 |
_aReal Sociedad Bascongada de los Amigos del País _96366 |
|
| 710 | 2 |
_aColegio Oficial de Veterinarios de Gipuzkoa. _9138774 |
|
| 852 |
_aES-MaACL _j2238-F-9 _9R.143242 |
||
| 999 |
_c169642 _d169642 |
||